00357nam a2200097Ia 4500245003400000100006200034942000700096008004100103999001900144952009600163 0aNooit te laat vir die liefde  a HENNING, Philip Pretoria, 1991 Grootdrukuitg 915653 cBK210817s9999 xx 000 0 und d c426850d426849 00104070aGRASLbGRASLd2021-08-23g240.00l0p33228014177842r2021-08-23w2021-08-23yBK